000 nam a22 7a 4500
999 _c146352
_d146350
005 20190121122020.0
008 190118b1995 ag ||||| |||| 001 0 spa d
020 _a9502008820 v.1
020 _a9502007425 v.2
020 _a9502007999 v.3 - A - B
020 _a9502010418 v.4
020 _a9502010620 v.5
050 0 4 _aKHA3230
_bM37 1995
100 1 _aMarirnhoff, Miguel S.,
_eautor
245 1 0 _aTratado de derecho administrativo /
_cMiguel S. Marienhoff ; prólogo de Rafael Bielsa ; epílogo Benjamín Villegas Basavilbaso.
250 _aQuinta edición act.
260 _aBuenos Aires :
_bAbeledo-Perrot,
_c1995
300 _a6v. ;
_c23 cm.
505 0 0 _aContenido :
_tV.1 Teoría general
505 0 0 _aContenido :
_tV.2 Servicios públicos, Actos de la administración pública
505 0 0 _aContenido :
_tV.3 - A - B Contratos administrativos , De los los contratos en paricular
505 0 0 _aContenido :
_tV.4 Limitaciones a la propiedad privada en interés público, Policía. Poder de policía, Responsabilidad del estado
505 0 0 _aContenido :
_tV.5 Dominio público
505 0 0 _aContenido :
_rRafael Bielsa ; Benjamín Villegas Basavilbaso
_tV.6 Régimen y legislación de las aguas públicas y privadas
650 7 _2lemb
_aDerecho administrativo
_zArgentina
700 1 _aBielsa, Rafael,
_eprólogo
700 1 _aBasavilbaso, Benjamín,
_eepílogo
942 _2lcc
_cLIB